|
|
|
|
| LEADER |
01788nam a2200421 i 4500 |
| 001 |
35103 |
| 003 |
BD-DhAAL |
| 005 |
20211118134425.0 |
| 008 |
190807t2018 enka b 001 0 eng d |
| 999 |
|
|
|c 40826
|d 40826
|
| 010 |
|
|
|a 2017023072
|
| 020 |
|
|
|a 9781138890350 (pb : alk. paper)
|
| 020 |
|
|
|a 9781138890343 (hb : alk. paper)
|
| 020 |
|
|
|z 9781315712437 (ebook)
|
| 040 |
|
|
|a DLC
|b eng
|c DLC
|e rda
|d DLC
|d BD-DhAAL
|
| 042 |
|
|
|a pcc
|
| 050 |
0 |
0 |
|a NA2750
|b .M185 2018
|
| 082 |
0 |
0 |
|a 729
|2 23
|
| 245 |
1 |
0 |
|a Inclusive design :
|b implementation and evaluation /
|c Jordana L. Maisel ... [et al.]
|
| 260 |
|
|
|a London ;
|a New York :
|b Routledge,
|c c2018.
|
| 300 |
|
|
|a xviii, 141 pages :
|b illustrations ;
|c 20 cm.
|
| 490 |
0 |
|
|a PocketArchitecture : technical design series
|
| 504 |
|
|
|a Includes bibliographical references and index.
|
| 526 |
|
|
|a ARC
|
| 541 |
|
|
|a Trim Education
|e 35103, 35104
|
| 650 |
|
0 |
|a Architectural design
|x Methodology.
|9 33368
|
| 650 |
|
0 |
|a Design
|x Methodology.
|9 33369
|
| 650 |
|
0 |
|a Architectural practice.
|9 33370
|
| 650 |
|
0 |
|a Architecture.
|9 42779
|
| 700 |
1 |
|
|a Maisel, Jordana L.
|9 33371
|
| 700 |
1 |
|
|a Steinfeld, Edward
|9 33375
|
| 700 |
1 |
|
|a Basnak, Megan
|9 33372
|
| 700 |
1 |
|
|a Smith, Korydon H.,
|d 1977-
|9 33373
|
| 700 |
1 |
|
|a Tauke, Beth
|9 33374
|
| 852 |
|
|
|a Ayesha Abed Library
|c General Stacks
|
| 942 |
|
|
|2 ddc
|c BK
|
| 952 |
|
|
|0 0
|1 0
|2 ddc
|4 0
|6 729_000000000000000_INC
|7 0
|9 65960
|a BRACUL
|b BRACUL
|c GEN
|d 2019-07-28
|e Trim Education
|g 1915.00
|l 2
|m 7
|o 729 INC
|p 3010035103
|r 2025-03-03
|s 2024-12-15
|t 1
|v 1915.00
|w 2019-07-28
|y BK
|
| 952 |
|
|
|0 0
|1 0
|2 ddc
|4 0
|6 729_000000000000000_INC
|7 0
|9 65961
|a BRACUL
|b BRACUL
|c GEN
|d 2019-07-28
|e Trim Education
|g 1915.00
|l 1
|m 2
|o 729 INC
|p 3010035104
|r 2025-04-09
|s 2025-03-09
|t 2
|v 1915.00
|w 2019-07-28
|y BK
|x Transferred from ARC to BRACUL on 28/12/2023
|